Memoria sobre las ventajas e inconvenientes de los hospitales, de las pequeñas enfermerías y de la hospitalidad domiciliaria : (Record no. 154849)
[ view plain ]
| 000 -LEADER | |
|---|---|
| campo de control de longitud fija | 01159nam a22002415i 4500 |
| 001 - NÚMERO DE CONTROL | |
| campo de control | 154849 |
| 003 - IDENTIFICADOR DE NÚMERO DE CONTROL | |
| campo de control | ES-MaACL |
| 005 - FECHA Y HORA DE LA ÚLTIMA TRANSACCIÓN | |
| campo de control | 20250803063057.0 |
| 008 - DATOS DE LONGITUD FIJA--INFORMACIÓN GENERAL | |
| campo de control de longitud fija | 040712s1869 sp |||| | spa d |
| 080 ## - NÚMERO DE LA CLASIFICACIÓN DECIMAL UNIVERSAL | |
| Número de la Clasificación Decimal Universal | 614.21(460) |
| 100 1# - ENTRADA PRINCIPAL--NOMBRE DE PERSONA | |
| Nombre de persona | Guerola, Antonio, |
| Fechas asociadas al nombre | 1817-1901 |
| Término indicativo de función/relación | Autor |
| 9 (RLIN) | 127601 |
| 245 10 - MENCIÓN DEL TÍTULO | |
| Título | Memoria sobre las ventajas e inconvenientes de los hospitales, de las pequeñas enfermerías y de la hospitalidad domiciliaria : |
| Resto del título | premiada por la Sociedad Económica Barcelonesa de Amigos del País con el accésit en el concurso de 1869 / |
| Mención de responsabilidad, etc. | por Antonio Guerola |
| 260 ## - PUBLICACIÓN, DISTRIBUCIÓN, ETC. | |
| Lugar de publicación, distribución, etc. | Madrid : |
| Nombre del editor, distribuidor, etc. | [s.n.], |
| Fecha de publicación, distribución, etc. | 1869 |
| Fabricante | (Imp. de las Novedades) |
| 300 ## - DESCRIPCIÓN FÍSICA | |
| Extensión | 16 páginas ; |
| Dimensiones | 23 cm |
| 650 #7 - PUNTO DE ACCESO ADICIONAL DE MATERIA--TÉRMINO DE MATERIA | |
| Término de materia o nombre geográfico como elemento de entrada | Asistencia hospitalaria |
| Fuente del encabezamiento o término | embne |
| 9 (RLIN) | 173500 |
| 650 #4 - PUNTO DE ACCESO ADICIONAL DE MATERIA--TÉRMINO DE MATERIA | |
| Término de materia o nombre geográfico como elemento de entrada | Hospitales- |
| Subdivisión geográfica | España |
| 9 (RLIN) | 176243 |
| 650 #4 - PUNTO DE ACCESO ADICIONAL DE MATERIA--TÉRMINO DE MATERIA | |
| Término de materia o nombre geográfico como elemento de entrada | Asistencia sanitaria- |
| Subdivisión geográfica | España |
| 9 (RLIN) | 10373 |
| 710 2# - ENTRADA AGREGADA--NOMBRE DE ENTIDAD CORPORATIVA | |
| Nombre de entidad corporativa o nombre de jurisdicción como elemento de entrada | Sociedad Económica Barcelonesa de Amigos del País |
| Término indicativo de función/relación | entidad responsable |
| 9 (RLIN) | 173499 |
| 852 4# - LOCALIZACIÓN | |
| Ubicación | ES-MaACL |
| Ubicación en estantería | Depósito folletos |
| Donativo/Legado | Donativo de Emilio Huelva |
| Número de control de estantería | T-104-F-2 |
| Encuadernación | Enc. en un vol. facticio |
| -- | Holandesa, falto de cub. original |
| Nota libre | Regalo de Emilio Huelva |
| 942 ## - ELEMENTOS DE ENTRADA SECUNDARIOS (KOHA) | |
| Fuente del sistema de clasificación o colocación | Clasificación decimal universal |
| Tipo de ítem Koha | Folleto |
| Suprimir en OPAC | No |
| Estatus retirado | Estado de pérdida | Fuente del sistema de clasificación o colocación | Estado de daño | No para préstamo | Colección | Biblioteca de origen | Biblioteca actual | Ubicación en estantería | Fecha de adquisición | Fuente de adquisición | Total de préstamos | Signatura topográfica completa | Código de barras | Visto por última vez | Tipo de ítem Koha |
|---|---|---|---|---|---|---|---|---|---|---|---|---|---|---|---|
| Clasificación decimal universal | Colección de folletos | Biblioteca del Ateneo de Madrid | Biblioteca del Ateneo de Madrid | Depósito folletos | 17/01/2008 | Donación | T-104-F-2 | 1161972 | 23/02/2023 | Folleto |
